000 00532nam a2200193 a 4500
005 20220811064040.0
008 991125s1981 mx 000 0 spa u
020 _a9684750021
035 _aUPN01000004084
049 _aCG
050 4 _aQP360
_bA8.2
100 1 _aAzcoaga, Juan Enrique,
_d1925-
_928873
245 1 0 _aAprendizaje fisiológico y aprendizaje pedagógico /
_cJuan E. Azcoaga.
250 _a3a ed.
260 _aMéxico :
_bEl Ateneo,
_cc1981.
300 _a199 p.
650 4 _aPsicofisiología
_9452
905 _aLibro
999 _c4084
_d4084